<?xml version="1.0" encoding="UTF-8"?>
<record
    xmlns:xsi="http://www.w3.org/2001/XMLSchema-instance"
    xsi:schemaLocation="http://www.loc.gov/MARC21/slim http://www.loc.gov/standards/marcxml/schema/MARC21slim.xsd"
    xmlns="http://www.loc.gov/MARC21/slim">

  <leader>00719nam a2200145   4500</leader>
  <controlfield tag="008">708.972 L864p</controlfield>
  <datafield tag="082" ind1=" " ind2=" ">
    <subfield code="a">708.972</subfield>
    <subfield code="b">L864p</subfield>
  </datafield>
  <datafield tag="100" ind1=" " ind2=" ">
    <subfield code="a">L&#xF3;pez, Miguel A.</subfield>
    <subfield code="9">6609</subfield>
  </datafield>
  <datafield tag="245" ind1=" " ind2=" ">
    <subfield code="a">Pulso alterado</subfield>
  </datafield>
  <datafield tag="260" ind1=" " ind2=" ">
    <subfield code="a">M&#xE9;xico</subfield>
    <subfield code="b">Museo Universitario de Arte Contempor&#xE1;neo</subfield>
    <subfield code="c">2013</subfield>
  </datafield>
  <datafield tag="300" ind1=" " ind2=" ">
    <subfield code="a">56 p.</subfield>
    <subfield code="b">ill (col)</subfield>
    <subfield code="c">22 x 16 cm</subfield>
  </datafield>
  <datafield tag="505" ind1=" " ind2=" ">
    <subfield code="t">Pulso alterado. Intensidades en la Colecci&#xF3;n del MUAC y sus Colecciones asociadas</subfield>
    <subfield code="r">Miguel A. L&#xF3;pez, Sol Henaro</subfield>
    <subfield code="t">Cuerpos fallidos, trance, enfermedad y deseo social</subfield>
    <subfield code="r">Miguel A. L&#xF3;pez</subfield>
    <subfield code="t">&#xC1;nimos, pronunciamientos y pulsiones anti-somn&#xED;feras</subfield>
    <subfield code="r">Sol Henaro</subfield>
    <subfield code="t">Cat&#xE1;logo</subfield>
    <subfield code="t">Cr&#xE9;ditos</subfield>
  </datafield>
  <datafield tag="600" ind1=" " ind2=" ">
    <subfield code="x">arte contempor&#xE1;neo</subfield>
    <subfield code="x">arte - exhibiciones</subfield>
    <subfield code="x">M&#xE9;xico</subfield>
    <subfield code="x">MUAC - UNAM</subfield>
    <subfield code="x">siglo XX</subfield>
    <subfield code="9">6610</subfield>
  </datafield>
  <datafield tag="700" ind1=" " ind2=" ">
    <subfield code="a">Henaro, Sol</subfield>
    <subfield code="9">6575</subfield>
  </datafield>
  <datafield tag="999" ind1=" " ind2=" ">
    <subfield code="c">1588</subfield>
    <subfield code="d">1588</subfield>
  </datafield>
  <datafield tag="952" ind1=" " ind2=" ">
    <subfield code="0">0</subfield>
    <subfield code="1">0</subfield>
    <subfield code="2">ddc</subfield>
    <subfield code="4">0</subfield>
    <subfield code="7">0</subfield>
    <subfield code="a">LV</subfield>
    <subfield code="b">LV</subfield>
    <subfield code="c">Pensamiento</subfield>
    <subfield code="d">2018-08-16</subfield>
    <subfield code="l">0</subfield>
    <subfield code="o">708.972 L864p</subfield>
    <subfield code="p">004639</subfield>
    <subfield code="r">2018-08-16 00:00:00</subfield>
    <subfield code="w">2018-08-16</subfield>
    <subfield code="y">01</subfield>
  </datafield>
</record>
